| 000 | 00683nam a2200253 a 4500 | ||
|---|---|---|---|
| 999 |
_c4964 _d4964 |
||
| 001 | 4964 | ||
| 003 | BD-JhCC | ||
| 005 | 20180211193328.0 | ||
| 008 | 171205s1974 ii a|||| || | 001 0 eng d | ||
| 035 | _a(BD-JhCC)4964 | ||
| 040 |
_aBD-JhCC _dBD-JhCC |
||
| 041 | _aeng | ||
| 082 |
_a954.025 _bMAJ 1974 |
||
| 100 | _aMajumdar, R. C. | ||
| 245 |
_aThe Mughul Empire : _bthe history and culture of the Indian people / _c R. C. Majumdar, |
||
| 260 |
_aBombay : _bBharatiya Vidya Bhavan, _c1974 |
||
| 300 |
_a1004 p. : _c25 cm. |
||
| 504 | _aBibliography | ||
| 650 | _aMughul Empire | ||
| 700 | _aChaudhuri, J. N. | ||
| 700 | _aChaudhuri, S. | ||
| 942 |
_2ddc _cBK |
||